000 00724nam a2200289Ia 4500
005 20260324134316.0
008 008 260324s9999 xx 000 0 eng d
020 _a9781315024110
037 _aEBOOK
040 _aCRL
040 _beng
040 _cCRL
041 _2eng
041 _aeng
084 _qCRL
100 _aLaurence Horn; Caro Struijke
_91196329
245 0 _aExistential Faithfullness
245 2 _bA Study of Reduplicative TETU, Feature Movement and Dissimulation
260 _bTaylor and Francis
260 _c2002
365 _a
365 _b230
856 _uhttp://www.taylorfrancis.com/books/9781315024110
942 _cEBOOK
999 _c1796288
_d1796288